[Event "ROM-ch U12"]
[Site "Calimanesti Caciulata"]
[Date "2019.04.18"]
[Round "5"]
[White "Anghelus, Alexandru Mihai"]
[Black "Dachi, Mihai Iulian"]
[Result "1/2-1/2"]
[WhiteElo "1262"]
[BlackElo "1102"]
[PlyCount "77"]
[EventDate "2019.04.15"]
[EventType "swiss"]
[EventRounds "9"]
[EventCountry "ROU"]
[SourceTitle "CBM 190 Extra"]
[Source "ChessBase"]
[SourceDate "2019.07.15"]
[SourceVersion "1"]
[SourceVersionDate "2019.07.15"]
[SourceQuality "1"]

1. e4 e5 2. Nf3 Nc6 3. d4 exd4 4. Nxd4 Bc5 5. Nb3 Bb6 6. Nc3 d6 7. Qe2 Nge7 8. Be3 Be6 9. g3 0-0 10. Bg2 Nb4 11. Bxb6 axb6 12. 0-0 c5 13. a3 Nbc6 14. Rad1 Bxb3 15. cxb3 Nd4 16. Qd3 Nxb3 17. Qxd6 Nd4 18. Qxd8 Rfxd8 19. Rfe1 h6 20. Nd5 Nxd5 21. exd5 Rd6 22. Re7 Rb8 23. Rde1 Kf8 24. f4 g6 25. Rc7 Nb5 26. Rce7 Na7 27. a4 Nc8 28. Re8+ Kg7 29. Bh3 f5 30. Bg2 Kf7 31. R8e6 Rxe6 32. dxe6+ Ke7 33. Bd5 Nd6 34. b3 Rd8 35. Kg2 Ne8 36. Bxb7 Ng7 37. Bc6 Nxe6 38. Bb5 Kf6 39. Bc4 1/2-1/2